| 000 | 00395nam a2200145Ia 4500 | ||
|---|---|---|---|
| 008 | 211109s9999||||xx |||||||||||||| ||und|| | ||
| 082 |
_a891.433 _bKAP-J |
||
| 100 | _aKapur, Shyamnarayana | ||
| 245 | 0 | _aJeevatki Kahaniam | |
| 260 |
_bH G _aBombay _c1989 |
||
| 300 | _a144p. | ||
| 630 | _xGeneral Stack | ||
| 650 |
_aHindi Literature _vHindi FictionHindi NovelShort Story _xHindi |
||
| 942 | _cBOOK | ||
| 999 |
_c13432 _d13432 |
||